000 00850nam a2200241 i 4500
001 94371
003 ES-MaACL
005 20250627063639.0
007 t|
008 050428s1954 sp ||||1| spa d
100 1 _aLorén, Santiago,
_d1918-2010
_974093
245 1 0 _aCajal :
_bhistoria de un hombre /
_cSantiago Lorén ; prólogo de los doctores Pedro Laín Entralgo y Julián Sanz Ibáñez.
250 _a1ª ed.
260 _aBarcelona :
_bAedos,
_c1954.
300 _a307 p., XV lám. ;
_c22 cm.
490 1 _aBiblioteca biográfica
600 1 4 _aRamón y Cajal, Santiago,
_d1852-1934-
_xBiografías
_995228
700 1 _aLaín Entralgo, Pedro,
_d1908-2001
_969681
700 1 _aSanz Ibáñez, Julián,
_d1904-1963
_9103650
830 1 _aBiblioteca biográfica
_9181197
852 4 _aES-MaACL
_jC-8317
999 _c94371
_d94371